Účetnictví tělovýchovných jednot a sportovních klubů

Salvato in:
Dettagli Bibliografici
Autore principale: Topinka, Jiří
Natura: Libro
Lingua:ceco
Pubblicazione: Praha Olympia 2007
Soggetti:
Tags: Aggiungi Tag
Nessun Tag, puoi essere il primo ad aggiungerne!!

MARC

LEADER 00000nam a2200000 4500
001 0159582
005 20240313090536.8
020 |a 978-80-7376-015-1 
041 0 |a cze 
044 |a CZ 
245 1 0 |a Účetnictví tělovýchovných jednot a sportovních klubů  |c Jiří Topinka 
264 1 |a Praha  |b Olympia  |c 2007 
300 |a 213 s. 
610 2 0 |a šport 
610 2 0 |a telovýchova 
610 2 0 |a účtovníctvo 
610 2 0 |a legislatíva 
610 2 0 |a metódy účtovné 
610 2 0 |a závierka účtovná 
610 2 0 |a Česko 
100 1 |a Topinka, Jiří